01433nam a2200313 a 450000100100000000500170001000800410002702000150006804000240008308200170010710000360012424500790016026000760023930000280031550000700034350400320041359000260044565000360047165000340050765000430054165000470058465000310063170000330066291000410069595201300073695201150086695201210098199900170110200001183420250430073846.0091028s2004 dr a 000 0 spa d a9945000101 aDO-SdBNPbspacBNPD a158.1bC138s1 aCañizares J., Oscar A.92800010aScribo vobis... /cOscar A. Cañizares J. ; ilustraciones Homero Herrera. aSantiago de los Caballeros, República Dominicana :bTeófilo,c2004. a159 p. :bil. ;c22 cm. aIncluye datos biográficos del autor en la solapa de la cubierta aBibliografía : p. 152-157 aInventariado, 2018/LP 4aSeguridad (psicología)928001 4aEjercicios espirituales98168 0aAutorrealización (Psicología)9211 4aServicios de consulta electrónica928002 4aCorreo electrónico9271512aHerrera, Homero,eil.928003 4aValidado. Control de calidad MMOLINA 001054708DSaGRbGRcHDd2009-10-28iLF1l0o158.1 C138sp11834-30r2020-06-25te. 3w2020-06-25yLFDSZPréstamo en sala 0010718PDaPDbPDcHDd2009-10-28iLF1l0o158.1 C138sp11834-10r2020-06-25w2020-06-25yLFPDZNo se presta 0010718PDaPDbPDcHDd2009-10-28iLF1l0o158.1 C138sp11834-20r2020-06-25te. 2w2020-06-25yLFPDZNo se presta c11508d11508